Bienvenue à la Médiathèque de Saint-Andiol
banniere
Accueil Recherche avancée Mon compte
handi1 Rechercher dans le catalogue

Filtre   Mots-clés
  Recherche avancée
 
Lister les dernières nouveautés
 
Lister les livres GROS CARACTERES
 
Lister les périodiques (magazines)

handi1 ange de Munich (L')

roman

<< Retourner aux résultats de la recherche
Book Cover
Auteur principal : Fabiano Massimi
Autres auteurs : Laura Brignon
Titre : ange de Munich (L')
Support : Livres
Langue : Francais
Publié : 2021 Albin Michel Paris
Genre : Policier
Sujets :
Étiquettes :
Pas de tags
LEADER 01847nam0a2200217 450
001 16856185
010 |a 978-2-226-44644-2  |b br.  |d 21,9 € 
100 |a 20211231d2021 u u0frey01 ba 
101 1 |a fre  |c ita 
102 |a FR 
200 0 |a ange de Munich (L')  |e roman  |f Fabiano Massimi  |g traduit de l'italien par Laura Brignon 
207 1 |a   
210 |a Paris  |b 22 Rue Huyghens.  |c Albin Michel  |d 2021 
215 |a 1 vol. (557 p.)  |c ill. et couv. en n. et bl.  |d 23 cm 
330 |a Munich, 1931. Angela Raubal, 23 ans, est retrouvée morte dans la chambre d'un appartement de Prinzregentenplatz. A côté de son corps inerte, un pistolet Walther. Tout indique un suicide et pousse à classer l'affaire.Sauf qu'Angela n'est pas n'importe qui. Son oncle et tuteur légal, avec lequel elle vivait, est le leader du parti national socialiste des travailleurs, Adolf Hitler. Les liens troubles entre lui et sa nièce font d'ailleurs l'objet de rumeurs dans les rangs des opposants comme des partisans de cet homme politique en pleine ascension. Détail troublant : l'arme qui a tué Angela appartient à Hitler.Entre pressions politiques, peur du scandale et secrets sulfureux, cet événement, si il éclatait au grand jour, pourrait mettre un terme à la carrière d'Hitler. Et faire du commissaire Sauer, chargé de l'enquête, un témoin très gênant. Dans une République de Weimar moribonde, secouée par les présages de la tragédie nazie, Fabiano Massimi déploie un roman fascinant, basé sur une histoire vraie et méconnue, mêlant documents d'archives et fiction avec le brio d'un Philip Kerr. 
608 |a Thriller 
700 0 |a Massimi  |b Fabiano  |f 1977-....  |4 70 
702 0 |a Brignon  |b Laura  |f 1986-....  |4 730 
900 |a Policier 
901 |a Adultes 
995 |a Médiathèque  |c Médiathèque  |f 089018606  |h 089018606  |k RP MAS  |o p  |q a  |r az  |e Médiathèque